Mechanical conveyors : selection and operation /

Guardado en:
Autor Principal: Fayed, M. E.
Otros Autores: Skocir, Thomas S.
Formato: Libro
Idioma:English
Publicado: Lancaster, PA : Technomic, 1997.
Materias:
Acceso en línea:Publisher description
Etiquetas: Agregar Etiqueta
Sin Etiquetas, Sea el primero en etiquetar este registro!
LEADER 00898cam a2200241 a 4500
001 EIQ.libpla004195
008 960605s1997####xxua#####b####001#0#eng#d
005 20120927113118.0
245 1 0 |a Mechanical conveyors :  |b selection and operation /  |c Muhammad E. Fayed, Thomas S. Skocir. 
260 |a Lancaster, PA :  |b Technomic,  |c 1997. 
300 |a xvii, 485 p. :  |b il. ;  |c 24 cm. 
504 |a Incluye referencias bibliográficas e índice. 
020 |a 1566764165 
100 1 |a Fayed, M. E.  |q (Muhammad E.) 
700 1 |a Skocir, Thomas S. 
082 0 0 |a 621.8675  |2 21 
650 0 |a Conveying machinery.  |x Handling 
650 0 |a Transporte mecánico  |x Manipuleo 
010 |a  96060867  
040 |a MoKBM  |c MoKBM  |d MnMGM  |d DLC 
050 0 4 |a TS180.3  |b .F39 1997 
856 4 2 |3 Publisher description  |u http://www.loc.gov/catdir/enhancements/fy0646/96060867-d.html 
859 |a AR-BbSID  |b BIB. PLAPIQUI  |h 621.8675  |i F291  |p 6114